000
00259nam a2200085Ia 4500
008
120527s9999 xx 000 0 und d
100
_a
BPP Proffessional Educat.
245
_a
Technician unit 12 Drafting financial statements(Central Govt) for assess
942
_c
BK
999
_c
25787
_d
25787